[Event "London Classic Open 2019"]
[Site "London ENG"]
[Date "2019.11.30"]
[Round "2.67"]
[White "Kumar, Sanjit S"]
[Black "Nelson, Omowale"]
[Result "0-1"]
[WhiteElo "1469"]
[BlackElo "1924"]
[WhiteFideId "468142"]
[BlackFideId "7400209"]
[EventDate "2019.11.29"]

1. e4 c6 2. d4 d5 3. e5 Bf5 4. h4 Qb6 5. Bd3 Qxd4 6. Nf3 Qg4 7. Bxf5 Qxf5 8.
Nbd2 e6 9. b3 Bb4 10. O-O Nd7 11. Bb2 Nh6 12. a3 Bc5 13. b4 Bb6 14. c4 O-O 15.
c5 Bc7 16. Nc4 dxc4 17. Qxd7 Rac8 18. Qd4 Rfd8 19. Qxc4 Ng4 20. Rad1 Nxe5 21.
Nxe5 Bxe5 22. Bxe5 Qxe5 23. Rd3 h5 24. Rfd1 Rd5 25. Rxd5 exd5 26. Qd4 Qe2 27.
Qd3 Re8 28. Qxe2 Rxe2 29. Rd3 f6 30. Rb3 Rc2 31. Re3 Kf7 32. g3 a5 33. bxa5 Rxc5
34. Rb3 Rb5 35. Rxb5 cxb5 36. Kf1 Ke6 37. Ke2 Kd6 38. Kd3 Kc5 39. Kc3 d4+ 40.
Kd3 Kd5 41. f3 f5 42. f4 g6 43. Kd2 Kc4 44. Kc2 d3+ 45. Kd2 Kd4 46. Kd1 Kc3 47.
Kc1 d2+ 48. Kd1 Kd3 49. g4 fxg4 50. f5 g3 51. fxg6 g2 52. g7 g1=Q# 0-1

[Event "London Classic Open 2019"]
[Site "London ENG"]
[Date "2019.11.30"]
[Round "2.68"]
[White "Singha Swati"]
[Black "Dias, Savin"]
[Result "0-1"]
[WhiteElo "1419"]
[BlackElo "1916"]
[WhiteFideId "45013004"]
[BlackFideId "442399"]
[EventDate "2019.11.29"]

1. e4 c5 2. Nf3 Nc6 3. Nc3 g6 4. Bc4 Bg7 5. a3 e6 6. d3 Nge7 7. O-O O-O 8. Bg5
h6 9. Bf4 d5 10. Ba2 d4 11. Ne2 e5 12. Bg3 Bg4 13. Qd2 Bxf3 14. gxf3 g5 15. Kg2
Ng6 16. Rh1 Kh7 17. Rag1 h5 18. h3 Bh6 19. Qd1 Nf4+ 20. Kf1 h4 21. Bxf4 exf4 22.
c3 Ne5 23. Nc1 c4 24. b3 cxd3 25. c4 d2 26. Qxd2 Nxf3 27. Qd3 Ne5 28. Qc2 d3 29.
Qd2 Qd4 30. Bb1 Rad8 31. Rg2 Qxe4 32. f3 Qxf3+ 33. Kg1 Qe3+ 34. Qxe3 fxe3 35.
Kh2 Nf3# 0-1

[Event "London Classic Open 2019"]
[Site "London ENG"]
[Date "2019.11.30"]
[Round "2.69"]
[White "Finn, Peter"]
[Black "Chatterjee, Sagnik"]
[Result "1-0"]
[WhiteElo "1895"]
[BlackElo "1438"]
[WhiteFideId "432156"]
[BlackFideId "64300455"]
[EventDate "2019.11.29"]

1. e4 d6 2. d4 Nf6 3. Nc3 Nbd7 4. f4 c6 5. Nf3 Qc7 6. e5 Nd5 7. Nxd5 cxd5 8. Bd3
e6 9. O-O Be7 10. Qe1 Nf8 11. Bd2 Ng6 12. h4 Bd7 13. h5 Nf8 14. a4 h6 15. Ba5 b6
16. Bb4 a5 17. Bd2 f5 18. b4 axb4 19. Bxb4 Rxa4 20. Rxa4 Bxa4 21. exd6 Bxd6 22.
Bxf5 Bxb4 23. Qxb4 b5 24. Re1 Kd7 25. Ne5+ Kc8 26. Re3 Kb7 27. Rc3 Qd8 28. Bd3
Qe8 29. Rc6 Qxc6 30. Nxc6 Kxc6 31. Qc5+ Kd7 32. Qa7+ 1-0

[Event "London Classic Open 2019"]
[Site "London ENG"]
[Date "2019.11.30"]
[Round "2.70"]
[White "Rahman, Yad"]
[Black "Patel, Rishi"]
[Result "0-1"]
[WhiteElo "1303"]
[BlackElo "1891"]
[WhiteFideId "467626"]
[BlackFideId "442801"]
[EventDate "2019.11.29"]

1. d4 Nf6 2. c4 e6 3. Nc3 Bb4 4. Qc2 c5 5. e3 b6 6. a3 Bxc3+ 7. Qxc3 Bb7 8. Nf3
O-O 9. Be2 d5 10. dxc5 Ne4 11. Qc2 bxc5 12. O-O Nd7 13. Rd1 Qc7 14. b3 Ndf6 15.
h3 Nd7 16. Bb2 f5 17. Rac1 Rac8 18. cxd5 exd5 19. Nd4 Qd6 20. Nb5 Qb6 21. Nc3
Ndf6 22. Nxe4 Nxe4 23. Bf3 Rfd8 24. Bxe4 fxe4 25. Bc3 d4 26. Ba1 d3 27. Qb2 Qg6
28. Qe5 Rd5 29. Qe7 Qf7 30. Qxf7+ Kxf7 31. Rc4 Rd7 32. b4 cxb4 33. Rxc8 Bxc8 34.
axb4 Rc7 35. Bb2 Rc2 36. Bc1 Be6 37. Kh2 Rxf2 38. Kg3 Re2 39. Rd2 Re1 40. Rf2+
Ke7 41. Bd2 Rd1 42. Kf4 Bd5 43. Ke5 Bb7 44. Kd4 Ke6 45. Bc3 Rc1 46. Bd2 Rc7 47.
g4 Bd5 0-1

[Event "London Classic Open 2019"]
[Site "London ENG"]
[Date "2019.11.30"]
[Round "2.71"]
[White "Lohia, Sohum"]
[Black "Lim, Kai Jun"]
[Result "1-0"]
[WhiteElo "1889"]
[BlackElo "1356"]
[WhiteFideId "5819369"]
[BlackFideId "5819296"]
[EventDate "2019.11.29"]

1. e4 e5 2. Nf3 Nc6 3. Nc3 Nf6 4. g3 Be7 5. Bg2 O-O 6. O-O d6 7. h3 h6 8. d4 Nd7
9. Nd5 Bf6 10. Nxf6+ Qxf6 11. Be3 Nb6 12. b3 Qe7 13. Nh4 Bd7 14. Nf5 Bxf5 15.
exf5 Qf6 16. Bxc6 bxc6 17. Qg4 Nd5 18. dxe5 dxe5 19. Bc5 Rfe8 20. Rfe1 e4 21.
Rad1 g6 22. fxg6 Qxg6 23. Qxg6+ fxg6 24. c4 Nf6 25. Bd4 Nd7 26. Rd2 c5 27. Bc3
Ne5 28. Bxe5 Rxe5 29. Rd7 Rae8 30. Rxc7 R8e7 31. Rxe7 Rxe7 32. Kf1 Kf7 33. Ke2
Kf6 34. Rd1 Re5 35. Ke3 Ke6 36. Rd8 Ke7 37. Rd5 Ke6 38. Rd8 Ke7 39. Ra8 Kf6 40.
Rxa7 Rf5 41. Ra8 Kg5 42. Rc8 h5 43. Kxe4 Rxf2 44. Rxc5+ Kh6 45. Ra5 Re2+ 46. Kf3
Rc2 47. h4 Rc3+ 48. Kg2 Rc2+ 49. Kh3 Rc1 50. c5 Rh1+ 51. Kg2 Rc1 52. b4 Rc2+ 53.
Kh3 Rc1 54. a4 Rh1+ 55. Kg2 Rc1 56. Rb5 Rc2+ 57. Kh3 Rc1 58. a5 Rh1+ 59. Kg2 Ra1
60. c6 Ra2+ 61. Kh3 Rc2 62. Rc5 Ra2 63. c7 Ra1 64. c8=Q Rh1+ 65. Kg2 1-0

[Event "London Classic Open 2019"]
[Site "London ENG"]
[Date "2019.11.30"]
[Round "3.2"]
[White "Beinoras, Mindaugas"]
[Black "Moussard, Jules"]
[Result "0-1"]
[WhiteTitle "IM"]
[BlackTitle "GM"]
[WhiteElo "2350"]
[BlackElo "2600"]
[WhiteFideId "12802085"]
[BlackFideId "642908"]
[EventDate "2019.11.29"]

1. d4 f5 2. g3 Nf6 3. Bg2 d6 4. c3 c6 5. Nf3 Qc7 6. Bg5 Ne4 7. Bf4 Nd7 8. Qb3
Ndf6 9. Nbd2 g6 10. Nxe4 Nxe4 11. Ng5 Nxg5 12. Bxg5 h6 13. Bd2 e5 14. e4 exd4
15. cxd4 Bg7 16. Bc3 fxe4 17. Bxe4 Qf7 18. d5 Bxc3+ 19. bxc3 c5 20. O-O O-O 21.
f4 b6 22. Qc2 Kg7 23. a4 Bd7 24. c4 Qf6 25. Kh1 Rae8 26. Rfe1 Re7 27. a5 Rfe8
28. axb6 Rxe4 0-1

[Event "London Classic Open 2019"]
[Site "London ENG"]
[Date "2019.11.30"]
[Round "3.5"]
[White "Fodor, Tamas Jr."]
[Black "Risting, Eivind Olav"]
[Result "1/2-1/2"]
[WhiteTitle "GM"]
[BlackTitle "FM"]
[WhiteElo "2533"]
[BlackElo "2298"]
[WhiteFideId "723762"]
[BlackFideId "1517333"]
[EventDate "2019.11.29"]

1. c4 e5 2. Nc3 Nc6 3. g3 Bc5 4. Bg2 d6 5. e3 a6 6. Nge2 Ba7 7. d4 Nf6 8. O-O
O-O 9. b3 Re8 10. Bb2 Bf5 11. dxe5 Nxe5 12. Nd5 c6 13. Nxf6+ Qxf6 14. Nd4 Bd3
15. Re1 Bg6 16. Bc3 Nd3 17. Rf1 Qe7 18. a3 Rad8 19. Ra2 Nc5 20. Ba1 Ne4 21. Qf3
Bxd4 22. Bxd4 c5 23. Ba1 d5 24. cxd5 Rxd5 25. Qe2 Red8 26. b4 R5d7 27. bxc5 Nxc5
28. Qg4 h5 29. Qb4 Qe6 30. Qc3 f6 31. Rb2 Na4 32. Qb3 Qxb3 33. Rxb3 b5 34. Bd4
Bc2 35. Rb4 Rb8 36. Rc1 a5 37. Rxc2 axb4 38. axb4 Rbd8 39. Be4 Kf7 40. Bd3 Rxd4
41. exd4 Rxd4 42. Rc7+ Ke6 43. Bxb5 Rxb4 44. Be8 h4 45. Rxg7 hxg3 46. fxg3 Nc5
47. h4 Ne4 48. g4 Ke5 49. Bc6 Kf4 50. Bxe4 Rxe4 51. h5 Re1+ 52. Kf2 Rh1 53. Kg2
Rh4 54. Rg6 f5 55. gxf5 1/2-1/2

[Event "London Classic Open 2019"]
[Site "London ENG"]
[Date "2019.11.30"]
[Round "3.6"]
[White "Cox, John J"]
[Black "Grover, Sahaj"]
[Result "0-1"]
[WhiteTitle "IM"]
[BlackTitle "GM"]
[WhiteElo "2306"]
[BlackElo "2508"]
[WhiteFideId "401064"]
[BlackFideId "5021103"]
[EventDate "2019.11.29"]

1. c4 c5 2. g3 g6 3. Bg2 Bg7 4. Nc3 Nc6 5. d3 e6 6. Nf3 Nge7 7. O-O O-O 8. Bg5
h6 9. Bd2 d5 10. a3 b6 11. Rb1 Bb7 12. b4 dxc4 13. dxc4 cxb4 14. axb4 Nf5 15.
Qc1 Rc8 16. c5 bxc5 17. bxc5 Ba8 18. g4 Nh4 19. Bxh6 Nd4 20. Bxg7 Ndxf3+ 21.
exf3 Kxg7 22. Qe3 Qc7 23. Ne4 Bxe4 24. Qxe4 Qxc5 25. Rb7 Rc7 26. Rxc7 Qxc7 27.
f4 Rd8 28. Rb1 a5 29. h3 Rd2 30. Qe3 Qd6 31. Bf1 a4 32. Rb7 Rd1 33. Ra7 Rxf1+
34. Kxf1 Qd1+ 35. Qe1 Qd3+ 0-1

[Event "London Classic Open 2019"]
[Site "London ENG"]
[Date "2019.11.30"]
[Round "3.7"]
[White "Gordon, Stephen J"]
[Black "Van Zyl-Rudd, Jack"]
[Result "1-0"]
[WhiteTitle "GM"]
[BlackTitle "FM"]
[WhiteElo "2505"]
[BlackElo "2290"]
[WhiteFideId "411477"]
[BlackFideId "14309017"]
[EventDate "2019.11.29"]

1. c4 e6 2. Nf3 d5 3. e3 Nf6 4. Nc3 c5 5. cxd5 exd5 6. d4 Nc6 7. Bb5 cxd4 8.
Nxd4 Bd7 9. Nf3 Bb4 10. Bd2 Ne4 11. O-O Nxc3 12. Bxc3 Bxc3 13. bxc3 Ne7 14.
Bxd7+ Qxd7 15. Ne5 Qd6 16. Qa4+ Nc6 17. Nxc6 bxc6 18. c4 O-O 19. Rfd1 Rfb8 20.
cxd5 cxd5 21. Rd2 Rb4 22. Qa5 Rab8 23. Rad1 Rb1 24. Qxa7 Qb4 25. h3 Qxd2 26.
Qxb8+ Rxb8 27. Rxd2 Kf8 28. Rd1 Ke7 29. a4 Rb4 30. Ra1 Kd6 31. a5 Kc7 32. a6 Kb8
33. Ra5 d4 34. exd4 Rxd4 35. Rb5+ Ka8 36. Rb7 Rf4 37. g3 Rf6 38. Re7 g5 39. a7
h6 40. Kg2 Rf5 41. g4 Rf4 42. Kg3 Rf6 43. f3 Rf4 44. h4 Rf6 45. h5 Rf4 46. Rc7
Rf6 47. Rd7 Rf4 48. Rd6 f6 49. Ra6 1-0

[Event "London Classic Open 2019"]
[Site "London ENG"]
[Date "2019.11.30"]
[Round "3.9"]
[White "Gormally, Daniel W"]
[Black "Czerw, Dawid"]
[Result "1-0"]
[WhiteTitle "GM"]
[BlackTitle "FM"]
[WhiteElo "2491"]
[BlackElo "2255"]
[WhiteFideId "406465"]
[BlackFideId "1145746"]
[EventDate "2019.11.29"]

1. d4 Nf6 2. Nf3 e6 3. c4 d5 4. Nc3 c6 5. Bg5 Nbd7 6. e3 Qa5 7. cxd5 exd5 8. Nd2
Ne4 9. Ndxe4 dxe4 10. Bh4 Nb6 11. a3 Nd5 12. Qc2 Nxc3 13. bxc3 Be6 14. Be2 Bd6
15. O-O f5 16. c4 Qc7 17. h3 O-O 18. Rab1 b6 19. c5 bxc5 20. dxc5 Be5 21. f4
exf3 22. Bxf3 Rac8 23. Qa4 Bf6 24. Bxf6 Rxf6 25. Rfd1 Rf7 26. Rd6 Bd5 27. Bxd5
cxd5 28. Rxd5 f4 29. exf4 Rxf4 30. Qa6 Rcf8 31. c6 Rf2 32. Qc4 Kh8 33. Rd3 Qe5
34. Qd4 Qf5 35. Re1 Rc2 36. Rc3 Rxc3 37. Qxc3 h6 38. c7 Qf2+ 39. Kh1 Rc8 40. Rd1
Qf8 41. Qe5 a6 42. Rd7 Kh7 43. Qe4+ Kh8 44. Qd4 Kh7 45. Kh2 1-0

[Event "London Classic Open 2019"]
[Site "London ENG"]
[Date "2019.11.30"]
[Round "3.10"]
[White "Blackburn, Jonathan L B"]
[Black "Song, Raymond"]
[Result "0-1"]
[WhiteTitle "FM"]
[BlackTitle "IM"]
[WhiteElo "2240"]
[BlackElo "2468"]
[WhiteFideId "1801090"]
[BlackFideId "3203824"]
[EventDate "2019.11.29"]

1. d4 Nf6 2. c4 e6 3. Nc3 Bb4 4. Nf3 O-O 5. Bg5 c5 6. d5 h6 7. Bd2 d6 8. e3 Bxc3
9. Bxc3 exd5 10. cxd5 Nbd7 11. Bc4 Nb6 12. Ba5 Qe8 13. Bxb6 axb6 14. Qb3 Qa4 15.
O-O Bd7 16. Nd2 Qa5 17. Qd1 b5 18. Be2 Rfe8 19. Bf3 Bf5 20. Re1 Qb4 21. b3 Re5
22. Qc1 Nxd5 23. a3 Qa5 24. Bxd5 Rxd5 25. b4 cxb4 26. Nb3 Qd8 27. e4 Rc8 28. Qb1
Bg6 29. axb4 Qh4 30. g3 Qh3 31. Qb2 Rd3 32. Rac1 Rc4 33. Nd2 Rcd4 34. Rc2 Kh7
35. f3 d5 36. Rf1 dxe4 37. Nxe4 Rxf3 38. Nf2 Rxg3+ 39. hxg3 Qxg3+ 40. Kh1 Rh4+
41. Nh3 Rxh3+ 42. Rh2 Be4+ 0-1

[Event "London Classic Open 2019"]
[Site "London ENG"]
[Date "2019.11.30"]
[Round "3.11"]
[White "Flear, Glenn C"]
[Black "Makkar, Rajat"]
[Result "1/2-1/2"]
[WhiteTitle "GM"]
[BlackTitle "CM"]
[WhiteElo "2463"]
[BlackElo "2125"]
[WhiteFideId "400165"]
[BlackFideId "36016810"]
[EventDate "2019.11.29"]

1. d4 d5 2. c4 c6 3. Nc3 Nf6 4. e3 e6 5. Nf3 Nbd7 6. Bd3 dxc4 7. Bxc4 b5 8. Be2
Bd6 9. e4 e5 10. dxe5 Nxe5 11. Nxe5 Bxe5 12. Qxd8+ Kxd8 13. Be3 Be6 14. f3 Kc7
15. O-O Rhd8 16. Rfd1 Kb7 17. Rxd8 Rxd8 18. Rc1 a5 19. g3 a4 20. a3 h6 21. Kf2
g5 22. Rh1 Nh5 23. Rc1 Nf6 24. Rh1 Nh5 25. Rc1 Nf6 1/2-1/2

[Event "London Classic Open 2019"]
[Site "London ENG"]
[Date "2019.11.30"]
[Round "3.12"]
[White "Lee, Qing Aun"]
[Black "Arkell, Keith C"]
[Result "0-1"]
[WhiteTitle "FM"]
[BlackTitle "GM"]
[WhiteElo "2228"]
[BlackElo "2445"]
[WhiteFideId "5804167"]
[BlackFideId "400270"]
[EventDate "2019.11.29"]

1. e4 e6 2. d4 d5 3. Nd2 c5 4. exd5 Qxd5 5. Ngf3 cxd4 6. Bc4 Qc5 7. O-O Nc6 8.
Qe2 Nf6 9. Nb3 Qb6 10. Bf4 Be7 11. a4 O-O 12. a5 Qd8 13. Rfd1 Nd5 14. Bxd5 Qxd5
15. Nfxd4 Nxd4 16. Rxd4 Qc6 17. Qd3 b5 18. Rd1 Bb7 19. f3 Bf6 20. Rd7 Rac8 21.
Be3 Ba8 22. Bc5 Rfe8 23. c3 a6 24. Rd6 Qc7 25. Bb6 Qc4 26. Qxc4 bxc4 27. Nc1 Bc6
28. Na2 Be7 29. R6d4 Bb5 30. Nb4 g5 31. Kf1 Bxb4 32. cxb4 c3+ 33. Kf2 cxb2 34.
Bc5 Kg7 35. R4d2 Red8 36. Rxd8 Rxd8 37. Rb1 Rd2+ 38. Ke1 Re2+ 39. Kd1 e5 40. Bd6
f6 0-1

[Event "London Classic Open 2019"]
[Site "London ENG"]
[Date "2019.11.30"]
[Round "3.13"]
[White "Pert, Richard G"]
[Black "Pollack, Oscar"]
[Result "1-0"]
[WhiteTitle "IM"]
[WhiteElo "2436"]
[BlackElo "2112"]
[WhiteFideId "404748"]
[BlackFideId "429414"]
[EventDate "2019.11.29"]

1. d4 e6 2. Nf3 Nf6 3. Bg5 b6 4. e4 h6 5. Bxf6 Qxf6 6. e5 Qd8 7. Bd3 Bb7 8. Nbd2
d5 9. c3 c5 10. a3 c4 11. Bc2 Nc6 12. Nf1 b5 13. Ng3 Qc7 14. Qe2 O-O-O 15. O-O
g5 16. Nh5 Be7 17. h3 Kb8 18. Nh2 f5 19. exf6 Bd6 20. Nf3 e5 21. dxe5 Nxe5 22.
Nd4 Qf7 23. Nxb5 Rhe8 24. Nxd6 Rxd6 25. Ng7 Rxf6 26. Nxe8 Qxe8 27. Rae1 Re6 28.
Qd1 h5 29. f3 g4 30. fxg4 hxg4 31. hxg4 Ka8 32. Bf5 Re7 33. Re3 Nd3 34. Rxe7
Qxe7 35. Bxd3 Qe3+ 36. Rf2 cxd3 37. Qf3 1-0

[Event "London Classic Open 2019"]
[Site "London ENG"]
[Date "2019.11.30"]
[Round "3.14"]
[White "Walker, Martin G"]
[Black "Cherniaev, Alexander"]
[Result "0-1"]
[WhiteTitle "FM"]
[BlackTitle "GM"]
[WhiteElo "2162"]
[BlackElo "2428"]
[WhiteFideId "410969"]
[BlackFideId "4117301"]
[EventDate "2019.11.29"]

1. e4 g6 2. d4 Bg7 3. Nf3 d6 4. c3 Nf6 5. Bd3 O-O 6. O-O Nbd7 7. h3 e5 8. Be3 b6
9. Nbd2 Bb7 10. d5 c6 11. c4 Nc5 12. Bc2 cxd5 13. exd5 a5 14. Re1 Nfd7 15. Ne4
Nxe4 16. Bxe4 Nc5 17. Bc2 Ba6 18. b3 h6 19. Qd2 Kh7 20. b4 axb4 21. Qxb4 Qc7 22.
Rab1 Rfb8 23. a4 Bc8 24. g3 Bxh3 25. Nh4 Bd7 26. Ra1 Qc8 27. Kg2 Bh3+ 28. Kh2
Kg8 29. Bxc5 bxc5 30. Qd2 Bd7 31. a5 Rb4 32. Qe2 Qd8 33. a6 Bc8 34. a7 Rb7 35.
f4 exf4 36. Qe8+ Qxe8 37. Rxe8+ Kh7 38. Bxg6+ fxg6 39. Rxc8 Rxc8 40. a8=Q Rxa8
41. Rxa8 Rb2+ 0-1

[Event "London Classic Open 2019"]
[Site "London ENG"]
[Date "2019.11.30"]
[Round "3.15"]
[White "Maze, Sebastien"]
[Black "Balaji, Aaravamudhan"]
[Result "1-0"]
[WhiteTitle "GM"]
[WhiteElo "2541"]
[BlackElo "2080"]
[WhiteFideId "613762"]
[BlackFideId "436224"]
[EventDate "2019.11.29"]

1. e4 e5 2. Nf3 Nc6 3. Bb5 a6 4. Ba4 Nf6 5. Nc3 b5 6. Bb3 Bc5 7. a4 Rb8 8. axb5
axb5 9. d3 O-O 10. O-O h6 11. Nd5 d6 12. c3 Nxd5 13. exd5 Ne7 14. d4 exd4 15.
Nxd4 Bb7 16. Qd3 Nxd5 17. Bxh6 gxh6 18. Bxd5 Bxd5 19. Nf5 Qg5 20. Qxd5 Rbe8 21.
h4 Qf6 22. Rae1 Re6 23. Re4 Rfe8 24. Rf4 Re2 25. b4 R8e5 26. Qf3 1-0

[Event "London Classic Open 2019"]
[Site "London ENG"]
[Date "2019.11.30"]
[Round "3.16"]
[White "Russell, Christopher"]
[Black "Hebden, Mark L"]
[Result "0-1"]
[BlackTitle "GM"]
[WhiteElo "2190"]
[BlackElo "2436"]
[WhiteFideId "413569"]
[BlackFideId "400084"]
[EventDate "2019.11.29"]

1. e4 e5 2. Nf3 Nc6 3. Bc4 Nf6 4. d3 Be7 5. O-O O-O 6. Re1 d6 7. a4 Na5 8. Ba2
c5 9. c3 Nc6 10. Na3 Be6 11. Bxe6 fxe6 12. Nc4 Rc8 13. Bd2 Nd7 14. Rb1 Qe8 15.
b4 cxb4 16. cxb4 Qf7 17. Rf1 b6 18. b5 Nd4 19. Nxd4 exd4 20. Bb4 d5 21. Nd6 Bxd6
22. Bxd6 Rfd8 23. exd5 exd5 24. Rc1 Qg6 25. Bc7 Re8 26. Qf3 Nc5 27. Qxd5+ Qf7
28. Qxf7+ Kxf7 29. Bg3 Nxd3 30. Rcd1 Rc3 31. Rd2 Rd8 32. f3 Nc5 33. Be5 Rc4 34.
Rfd1 d3 35. a5 bxa5 36. Bc7 Rd7 37. Bxa5 Rb7 38. Rb1 Ke6 39. Kf2 Kd5 40. b6 Rc2
41. bxa7 Rxa7 42. Bb4 Kc4 43. Rb2 Rxb2 44. Rxb2 Rb7 45. Ba3 Rxb2+ 46. Bxb2 Kb3
47. Bc1 Kc2 48. Be3 d2 49. Bxd2 Kxd2 50. f4 Kd3 51. Kf3 Kd4 52. h4 Nb7 53. h5 h6
54. g4 Nd6 55. g5 Nf5 0-1

[Event "London Classic Open 2019"]
[Site "London ENG"]
[Date "2019.11.30"]
[Round "3.17"]
[White "Kirk, Ezra"]
[Black "Smith, Andrew Philip"]
[Result "1-0"]
[WhiteTitle "IM"]
[BlackTitle "FM"]
[WhiteElo "2433"]
[BlackElo "2172"]
[WhiteFideId "600067"]
[BlackFideId "2500833"]
[EventDate "2019.11.29"]

1. e4 c5 2. Nf3 Nc6 3. Bb5 g6 4. O-O Bg7 5. c3 e5 6. d4 cxd4 7. cxd4 exd4 8. Bf4
Nge7 9. Bd6 Qb6 10. Na3 a6 11. Bd3 Qd8 12. b4 b5 13. Bxb5 Bb7 14. Bd3 O-O 15.
Nc4 Re8 16. a4 Nc8 17. e5 Bf8 18. Bxf8 Kxf8 19. Qd2 Kg7 20. b5 axb5 21. axb5
Rxa1 22. Rxa1 N6e7 23. Nxd4 Nd5 24. Be4 Ndb6 25. Bxb7 Nxc4 26. Qc3 N4b6 27. e6
f6 28. exd7 Nxd7 29. h4 Nd6 30. Bd5 Nf8 31. Ra7+ Kh8 32. Nc6 Nxb5 33. Nxd8 Nxc3
34. Nf7+ Kg8 1-0

[Event "London Classic Open 2019"]
[Site "London ENG"]
[Date "2019.11.30"]
[Round "3.18"]
[White "McDonald, Neil"]
[Black "Sedykh, Mikhail"]
[Result "1-0"]
[WhiteTitle "GM"]
[WhiteElo "2412"]
[BlackElo "2134"]
[WhiteFideId "400629"]
[BlackFideId "447498"]
[EventDate "2019.11.29"]

1. e4 c5 2. Nf3 Nc6 3. d4 cxd4 4. Nxd4 Nf6 5. Nc3 e5 6. Ndb5 d6 7. Bg5 a6 8. Na3
b5 9. Nd5 Be7 10. Bxf6 Bxf6 11. c4 b4 12. Nc2 a5 13. g3 Bg5 14. Bg2 O-O 15. O-O
Be6 16. Qd3 Rc8 17. b3 Kh8 18. Rad1 f5 19. exf5 Bxf5 20. Be4 Bh3 21. Bxh7 Bxf1
22. Rxf1 Ne7 23. Be4 Nxd5 24. Bxd5 Qf6 25. Be4 Qe6 26. Ne1 Bd8 27. Ng2 Bg5 28.
Qe2 g6 29. h4 Bd8 30. Kh2 Kg7 31. f4 Rc7 32. Qd3 exf4 33. Nxf4 Qe5 34. Bxg6 Rh8
35. Bh5 Rh6 36. Qf3 Kh7 37. Rf2 Rg7 38. Qd3+ Kh8 39. Re2 Qc3 40. Re8+ Rg8 41.
Rxg8+ Kxg8 42. Qd5+ Kh8 43. Qf7 Qf6 44. Ng6+ Rxg6 45. Bxg6 Qxf7 46. Bxf7 Kg7 47.
Be8 Bf6 48. Kh3 Bc3 49. Kg4 Be1 50. h5 Bf2 51. Kf4 Be1 52. g4 Bd2+ 53. Kf5 Kh6
54. Ke6 Bf4 55. Kd5 Kg5 56. Kc6 Be5 57. Bd7 Bf4 58. Kb5 Be3 59. Kxa5 Bc5 60. Bf5
Kh6 61. Ka4 Kg5 62. Bb1 Kh6 63. a3 bxa3 64. b4 Be3 65. Kxa3 Kg5 66. Bf5 Kf6 67.
Ka4 Ke5 68. Kb5 Bd2 69. c5 d5 70. Kc6 Bxb4 71. h6 Be1 1-0

[Event "London Classic Open 2019"]
[Site "London ENG"]
[Date "2019.11.30"]
[Round "3.19"]
[White "Ratnesan, Ranesh"]
[Black "Mirzoyan, Davit T."]
[Result "1-0"]
[BlackTitle "FM"]
[WhiteElo "2180"]
[BlackElo "2388"]
[WhiteFideId "439339"]
[BlackFideId "13308386"]
[EventDate "2019.11.29"]

1. d4 Nf6 2. c4 e6 3. Nc3 Bb4 4. Qc2 O-O 5. a3 Bxc3+ 6. Qxc3 d6 7. f3 b6 8. e4
c5 9. dxc5 bxc5 10. Be3 Qc7 11. Rd1 a5 12. Bd3 Nc6 13. Ne2 e5 14. O-O a4 15. Bg5
Nd7 16. Ng3 Re8 17. Nh5 Nf8 18. Qe1 Re6 19. f4 Rg6 20. h4 Bg4 21. Be2 Bxh5 22.
Bxh5 f6 23. f5 Rxg5 24. hxg5 fxg5 25. Qd2 Nd4 26. Qxg5 h6 27. Qg4 Nh7 28. f6 Ng5
29. fxg7 Qxg7 30. Rf2 Kh8 31. Rdf1 Rg8 32. Kh1 Qe7 33. Qh4 Qh7 34. Bf7 Rb8 35.
Rf6 Kg7 36. Qh5 Rxb2 37. Rg6+ 1-0

[Event "London Classic Open 2019"]
[Site "London ENG"]
[Date "2019.11.30"]
[Round "3.20"]
[White "Sowray, Peter J"]
[Black "Willmoth, Robert F"]
[Result "1-0"]
[WhiteTitle "FM"]
[BlackTitle "CM"]
[WhiteElo "2316"]
[BlackElo "2108"]
[WhiteFideId "400971"]
[BlackFideId "402540"]
[EventDate "2019.11.29"]

1. d4 Nf6 2. c4 g6 3. Nc3 d5 4. Nf3 Bg7 5. Qb3 c6 6. cxd5 Nxd5 7. e4 Nxc3 8.
bxc3 O-O 9. Be2 Nd7 10. O-O c5 11. Bg5 Qc7 12. Bxe7 Re8 13. Bh4 Rxe4 14. Ng5 Re7
15. Bc4 Nb6 16. Bxf7+ Kh8 17. Bg3 Qc6 18. d5 Qf6 19. d6 Re2 20. Bc4 Re8 21. Nf7+
Kg8 22. d7 Bxd7 23. Nd6+ Kh8 24. Nf7+ Kg8 25. Nd6+ Kh8 26. Nxe8 Rxe8 27. Bb5 Be6
28. Qa3 Rc8 29. Qxa7 Bd5 30. Rae1 Nc4 31. Bxc4 Bxc4 32. Qxb7 Ba6 33. Qd7 Qd8 34.
Qxd8+ Rxd8 35. Rd1 Rc8 36. Rfe1 Bxc3 37. Be5+ Bxe5 38. Rxe5 c4 39. Re6 Bb5 40.
Rc1 c3 41. Re5 Ba4 42. Ra5 Bd7 43. f3 h5 44. Kf2 Bf5 45. Ke3 c2 46. Rxf5 gxf5
47. Kd3 Rd8+ 48. Kxc2 Rg8 49. Kd3 Rxg2 50. Rc2 Rg1 51. Ke3 Kg7 52. Kf4 h4 53.
Kxf5 h3 54. Ke4 Rg2 55. Kd3 Kf6 56. Re2 Kf5 57. Ke3 Rg8 58. a4 Rb8 59. Kf2 Rg8
60. a5 Rg6 61. Rd2 Ke5 62. Ke3 Rg1 63. Ra2 Re1+ 64. Kf2 Rh1 65. Kg3 Rg1+ 66.
Kxh3 Kf4 67. a6 1-0

[Event "London Classic Open 2019"]
[Site "London ENG"]
[Date "2019.11.30"]
[Round "3.25"]
[White "Gschnitzer, Adrian"]
[Black "Marzano, Carlo"]
[Result "1-0"]
[WhiteTitle "FM"]
[WhiteElo "2422"]
[BlackElo "2128"]
[WhiteFideId "1270337"]
[BlackFideId "802980"]
[EventDate "2019.11.29"]

1. c4 e5 2. Nc3 Nf6 3. Nf3 Nc6 4. e3 Bb4 5. Qc2 Bxc3 6. Qxc3 e4 7. Nd4 O-O 8. b3
d6 9. Nxc6 bxc6 10. Bb2 Ne8 11. O-O-O Bg4 12. Re1 Qh4 13. Be2 Bxe2 14. Rxe2 f5
15. f4 Rf7 16. g3 Qh5 17. Rg2 a5 18. h3 Nf6 19. Rgg1 Qe2 20. g4 fxg4 21. hxg4
Qd3 22. Qxd3 exd3 23. Bxf6 Rxf6 24. Kb2 c5 25. Kc3 h6 26. Kxd3 a4 27. g5 hxg5
28. Rxg5 axb3 29. axb3 Re8 30. Rhg1 Re7 31. Rg6 Rxg6 32. Rxg6 Kf7 33. Rg1 Kf6
34. Ra1 g6 35. Ra8 Kg7 36. Kc3 Kf6 37. Rc8 Ke6 38. Rh8 Rg7 39. Kd3 Ke7 40. Ke4
Ke6 41. Rh6 Kd7 42. Kf3 Rg8 43. Kg4 Rb8 44. Rxg6 Rxb3 45. Rg7+ Ke6 46. Kg5 d5
47. f5+ Kd6 48. Rg6+ Kd7 49. cxd5 Rd3 50. e4 Rxd2 51. Rc6 Rc2 52. Kf6 c4 53. e5
Rd2 54. e6+ 1-0